000 00355nam a2200145 i 4500
001 bg
100 1 _aLENKIEWICZ, Władysław
245 0 _aRoboty budowlane /
_cS. Lenkiewicz, Z. Michnowski.
260 _aWarszawa,
_c1973.
700 1 _aMICHNOWSKI, Zygmunt
040 _cBPK
041 _apol
942 _cKS
008 s pl f |000 0 pol
999 _c5823
_d5823
856 _uhttp://koha.tu.koszalin.pl/cgi-bin/koha/opac-detail.pl?biblionumber=5823
_yKatalog online BPK